000 00298nam a22001337a 4500
008 181022b xxu||||| |||| 00| 0 eng d
020 _a9780137540860
041 _aeng
080 _a574
100 _a9
101 _aMJE
245 _aElemental Geosystems
_cChristopherson, R.W
942 _2udc
_cBK
999 _c50532
_d50532